BIBLIOTECA

SENCICO

Quincha Pre-Fabricada : fabricación de paneles, procesos constructivos (Registro nro. 1029)

Detalles MARC
000 -LEADER
fixed length control field 00893nam a2200241Ia 4500
005 - DATE AND TIME OF LATEST TRANSACTION
control field 20251020182456.0
008 - FIXED-LENGTH DATA ELEMENTS--GENERAL INFORMATION
fixed length control field 200515s9999 xx 000 0 und d
082 ## - DEWEY DECIMAL CLASSIFICATION NUMBER
Classification number 624.051/R41
100 ## - MAIN ENTRY--PERSONAL NAME
Personal name Rengifo Zevallos, Luis A.
245 #0 - TITLE STATEMENT
Title Quincha Pre-Fabricada : fabricación de paneles, procesos constructivos
260 ## - PUBLICATION, DISTRIBUTION, ETC.
Place of publication, distribution, etc. Lima
260 ## - PUBLICATION, DISTRIBUTION, ETC.
Name of publisher, distributor, etc. Instituto Nacional de Investigación y Normalización de la Vivienda
260 ## - PUBLICATION, DISTRIBUTION, ETC.
Date of publication, distribution, etc. 1987
300 ## - PHYSICAL DESCRIPTION
Extent p. irregular
300 ## - PHYSICAL DESCRIPTION
Other physical details il.
500 ## - GENERAL NOTE
General note 1 ejemplar
520 ## - SUMMARY, ETC.
Summary, etc. Información básica de la tecnología de la quincha Pre-Fabricada. Dicha información esta desarrollada con material fotográfico relevando lo más sustancial de la técnica tanto en la fabricación de paneles como en el proceso constructivo. La información deta
650 ## - SUBJECT ADDED ENTRY--TOPICAL TERM
Topical term or geographic name entry element PANELES
650 ## - SUBJECT ADDED ENTRY--TOPICAL TERM
Topical term or geographic name entry element PUB ININVI
650 ## - SUBJECT ADDED ENTRY--TOPICAL TERM
Topical term or geographic name entry element QUINCHA
942 ## - ADDED ENTRY ELEMENTS (KOHA)
Koha item type Libros
Existencias
Fecha de la última vez que lo usaron Pago total Signatura topográfica completa Código de barras Precio efectivo desde Tipo de documento Estado perdido Estado dañado No es para préstamo Retirado Ubicación permanente Ubicación actual Fecha de adquisición
15/05/2020   624.051/R41 Bib-Lima15051029 15/05/2020 Libros         Biblioteca Central Lima Biblioteca Central Lima 15/05/2020